000 01539nam a22003857a 4500
003 CHAP
005 20220329143408.0
008 090330s2009 mx r 00010 spa d
010 _a95942
011 _a96914
035 _a107571
040 _cCHAP
090 _aTesis
100 1 _aJonguitud Clemente, Eleazar
_962086
245 1 4 _aEstudio de mejora continua en área de control numérico de la planta industrial DIMAQ [División Maquinaria] SA de CV
_c/por Eleazar Jonguitud Clemente
260 _aChapingo, Méx. :
_bEl autor,
_c2008
300 _ax, 84 h. :
_bilus., cuadros
502 _aTesis (Ing. Mecánico Agrícola) -- UACH. Departamento de Ingeniería Mecánica Agrícola
530 _aTambién disponible en línea
590 _aALEPH
_b10
_c20130110
_lUCH01
_h1528
590 _aBATCH-UPD
_b10
_c20130110
_lUCH01
_h0700
590 _aBATCH-UPD
_b10
_c20130410
_lUCH01
_h0345
590 _aBATCH-UPD
_b10
_c20130914
_lUCH01
_h1641
590 _aBATCH-UPD
_b10
_c20140324
_lUCH01
_h1510
590 _aBATCH-UPD
_b10
_c20141002
_lUCH01
_h0839
590 _aCONVERSION
_b10
_c20130109
_lUCH01
_h1353
650 0 4 _aProducción
_xControl de la.
_991858
650 0 4 _aProductividad del trabajo.
_991869
650 1 4 _aIngeniería mecánica
_xMaquinaria.
_958266
856 _3Finding aid
_uhttp://10.13.5.2/tesis/107571.pdf
_zTeclea aqui
901 _aBK
942 _cFOLL
949 _aTesis
_bBC
_cTES
_d33724002088405
_eTS1
_gDonaciØn
_h48975
_i107571
_sb
949 _aTesis
_bBC
_cTES
_d33724002088446
_eTS2
_fc.2
_gDonaciØn
_h48976
_i107571
_sb
999 _c95942
_d95942